Grabados populares españoles
Bewaard in:
| Hoofdauteur: | |
|---|---|
| Formaat: | Boek |
| Taal: | Spaans |
| Gepubliceerd in: |
Barcelona
Gustavo Gili
1971
|
| Onderwerpen: | |
| Tags: |
Voeg label toe
Geen labels, Wees de eerste die dit record labelt!
|
MARC
| LEADER | 00000nam a2200000 a 4500 | ||
|---|---|---|---|
| 001 | UCT3949 | ||
| 003 | CL-VaPUC | ||
| 008 | 961031e19710000SP |||||||||||||||||spa|d | ||
| 082 | 0 | 4 | |a 769.946 |b DUR |2 21 |
| 100 | 0 | |a Duran-Sanpere, Agustí |e author |9 373037 | |
| 245 | 1 | 0 | |a Grabados populares españoles |
| 300 | |a 222 p | ||
| 942 | |c BK | ||
| 945 | |d 19961031 00:00:00 |a rleighto | ||
| 260 | |a Barcelona |b Gustavo Gili |c 1971 | ||
| 650 | 0 | |a Grabados |9 310822 | |
| 650 | 0 | |a Dibujos |9 264123 | |
| 650 | 0 | |a Obras de arte |9 337253 | |
| 650 | 0 | |a Ilustraciones |9 369481 | |
| 650 | 0 | |a Arte español |9 341293 | |
| 583 | |a last modification |c 19961031 00:00:00 |k Rodrigo Vera | ||
| 999 | |c 253443 |d 253441 | ||
| 952 | |0 0 |1 0 |4 0 |6 769_946000000000000_DUR_1971 |7 0 |8 A |9 274302 |a BIBARQ |b BIBARQ |d 2019-11-19 |i 324461K |o 769.946 DUR 1971 |p 324461K |r 2025-01-20 |w 2019-11-19 |y BK |k ARQ | ||